[Event "Winnipeg op"]
[Site "Winnipeg CAN"]
[Date "2016.06.14"]
[Round "2"]
[White "Bonness, Will"]
[Black "Trueman, Francis"]
[Result "1-0"]
[WhiteElo "1878"]
[BlackElo "1465"]
[PlyCount "69"]
[EventDate "2016.06.07"]
[EventType "swiss"]
[EventRounds "8"]
[EventCountry "CAN"]

1. e4 d6 2. d4 Nf6 3. Nc3 Nbd7 4. Nf3 e5 5. Be3 g6 6. Qd2 Bg7 7. O-O-O a5 8.
Be2 c6 9. Ng5 b5 10. f4 h6 11. dxe5 hxg5 12. exf6 Bxf6 13. fxg5 Be5 14. Bf3 Nb6
15. Bxb6 Qxb6 16. h4 a4 17. h5 Be6 18. Kb1 c5 19. Nd5 Qc6 20. Nf6+ Ke7 21. Nd5+
Ke8 22. Qe2 a3 23. b3 Ra7 24. Bg4 Bxd5 25. exd5 Qc7 26. Qxb5+ Ke7 27. hxg6 Rb8
28. Qf1 Kf8 29. Be6 Qa5 30. Qf3 Rab7 31. Rh3 Rxb3+ 32. cxb3 Rxb3+ 33. Qxb3 fxe6
34. dxe6 Qa8 35. Qf3+ 1-0

[Event "Winnipeg op"]
[Site "Winnipeg CAN"]
[Date "2016.06.14"]
[Round "2"]
[White "Boron, Anthony"]
[Black "Campbell, Jamie"]
[Result "0-1"]
[WhiteElo "2064"]
[BlackElo "1839"]
[PlyCount "88"]
[EventDate "2016.06.07"]
[EventType "swiss"]
[EventRounds "8"]
[EventCountry "CAN"]

1. e4 c5 2. d4 cxd4 3. c3 dxc3 4. Nxc3 g6 5. Bc4 Bg7 6. Nge2 Nc6 7. O-O Nf6 8.
Bf4 Nh5 9. Be3 O-O 10. a3 d6 11. Qc2 Ne5 12. Ba2 Bd7 13. Rfd1 Rc8 14. Bd5 Bc6
15. Qb3 Bxd5 16. Nxd5 b6 17. Rac1 Rxc1 18. Rxc1 Kh8 19. Bg5 Nf6 20. Nef4 e6 21.
Nc7 Qc8 22. Nfxe6 Nxe4 23. Be3 Nc5 24. Bxc5 dxc5 25. Nxf8 Qxc7 26. f4 Nc6 27.
Ne6 fxe6 28. Qxe6 Bxb2 29. Rf1 Nd4 30. Qe8+ Kg7 31. Re1 Nf5 32. Re4 Qf7 33. Qd8
Bf6 34. Qd3 Bd4+ 35. Kh1 Qa2 36. g4 Qf2 37. Rxd4 Qxd4 38. Qa6 Qe4+ 39. Kg1 Qe3+
40. Kh1 Qf3+ 41. Kg1 Qxg4+ 42. Kh1 Qf3+ 43. Kg1 Ne3 44. Qb7+ Qxb7 0-1

[Event "Winnipeg op"]
[Site "Winnipeg CAN"]
[Date "2016.06.14"]
[Round "2"]
[White "Jenkins, Mark"]
[Black "Remillard, John"]
[Result "1/2-1/2"]
[WhiteElo "1395"]
[BlackElo "1669"]
[PlyCount "72"]
[EventDate "2016.06.07"]
[EventType "swiss"]
[EventRounds "8"]
[EventCountry "CAN"]

1. d4 f5 2. c4 Nf6 3. Nc3 e6 4. Nf3 Be7 5. Bf4 d6 6. e3 O-O 7. Bd3 Nbd7 8. O-O
Nh5 9. h3 Nxf4 10. exf4 Nf6 11. Qc2 Nh5 12. g3 g6 13. Rfe1 Ng7 14. Re3 Bf6 15.
Rae1 c6 16. d5 Re8 17. dxe6 Rxe6 18. Rxe6 Nxe6 19. Qd2 Qf8 20. Bf1 Nc5 21. Bg2
Bd7 22. Rd1 Bxc3 23. Qxc3 Rd8 24. Nd2 Be6 25. Nb3 Ne4 26. Bxe4 fxe4 27. Qd4
Bxh3 28. Qxa7 Bg4 29. Rd2 Rd7 30. Qe3 d5 31. cxd5 cxd5 32. Nd4 Qc8 33. Rc2 Rc7
34. Qb3 Rxc2 35. Nxc2 Qc6 36. Nd4 Qd7 1/2-1/2

[Event "Winnipeg op"]
[Site "Winnipeg CAN"]
[Date "2016.06.14"]
[Round "2"]
[White "Kernetsky, Myron"]
[Black "Magnusson, Saul"]
[Result "1-0"]
[WhiteElo "1959"]
[BlackElo "2100"]
[PlyCount "66"]
[EventDate "2016.06.07"]
[EventType "swiss"]
[EventRounds "8"]
[EventCountry "CAN"]

1. d4 Nf6 2. Nf3 g6 3. Bf4 c5 4. c3 Qb6 5. Qb3 Qxb3 6. axb3 cxd4 7. cxd4 Nc6 8.
Nc3 d6 9. e3 Nb4 10. Bb5+ Bd7 11. O-O Bg7 12. Bg5 h6 13. Bxf6 Bxf6 14. Ra4 a5
15. Rfa1 b6 16. Rxb4 O-O 17. Rc4 Be6 18. Rc6 Rfb8 19. Bc4 Bxc4 20. bxc4 Kf8 21.
Ra2 Rb7 22. Kf1 Rab8 23. Nb5 h5 24. Ke2 Ke8 25. Rc7 Rxc7 26. Nxc7+ Kd7 27. Nb5
g5 28. b3 Kc6 29. Nc3 g4 30. Nd2 e6 31. Kd3 Kd7 32. Ndb1 Rc8 33. Na4 Kc6 1-0

[Event "Winnipeg op"]
[Site "Winnipeg CAN"]
[Date "2016.06.14"]
[Round "2"]
[White "Klokow, John"]
[Black "Rutter, Blair"]
[Result "1-0"]
[WhiteElo "1798"]
[BlackElo "1905"]
[PlyCount "113"]
[EventDate "2016.06.07"]
[EventType "swiss"]
[EventRounds "8"]
[EventCountry "CAN"]

1. e4 e6 2. d4 d5 3. Nc3 Nf6 4. Bg5 Be7 5. e5 Nfd7 6. h4 a6 7. Qg4 Bxg5 8. hxg5
g6 9. f4 Nb6 10. Nf3 Qe7 11. O-O-O N8d7 12. Be2 c5 13. Rh6 cxd4 14. Nxd4 Nf8
15. Qg3 Bd7 16. Nb3 Rc8 17. Qe3 Nc4 18. Bxc4 Rxc4 19. Rh4 Rc8 20. Qb6 Bc6 21.
Nc5 Qc7 22. Qxc7 Rxc7 23. Rh3 Nd7 24. Nxd7 Kxd7 25. Ne4 Ke7 26. Nf6 Bb5 27.
Rxh7 Rxh7 28. Nxh7 Be2 29. Rd2 Bg4 30. Nf6 Bf5 31. g4 Be4 32. Nxe4 dxe4 33. Rd4
e3 34. c3 Rc8 35. Re4 Rh8 36. Rxe3 Rh1+ 37. Kc2 Rg1 38. Rd3 Rxg4 39. Rd4 Rh4
40. Kb3 Rh8 41. a4 Rc8 42. Kb4 Rc6 43. Ka5 Ke8 44. c4 Ke7 45. b3 Ke8 46. b4 Ke7
47. b5 axb5 48. axb5 Rc8 49. Kb6 Rb8 50. Ka7 Rh8 51. Kxb7 Rh2 52. c5 Rb2 53. b6
Rc2 54. c6 Rc5 55. c7 f6 56. gxf6+ Kf7 57. Rd7+ 1-0

[Event "Winnipeg op"]
[Site "Winnipeg CAN"]
[Date "2016.06.14"]
[Round "2"]
[White "Piche, Jeremie"]
[Black "Pan, Zhidong"]
[Result "1-0"]
[WhiteElo "1596"]
[BlackElo "1369"]
[PlyCount "31"]
[EventDate "2016.06.07"]
[EventType "swiss"]
[EventRounds "8"]
[EventCountry "CAN"]

1. Nf3 d5 2. g3 Nc6 3. Bg2 e5 4. d3 Nf6 5. Nbd2 Bc5 6. e4 dxe4 7. dxe4 O-O 8.
O-O Re8 9. c3 Bg4 10. Re1 Bxf3 11. Bxf3 Qd3 12. Be2 Qe3 13. fxe3 Bxe3+ 14. Kg2
Rad8 15. Bf3 g5 16. Rxe3 1-0

[Event "Winnipeg op"]
[Site "Winnipeg CAN"]
[Date "2016.06.14"]
[Round "2"]
[White "Skop, Mike"]
[Black "Magyar, Peter"]
[Result "0-1"]
[WhiteElo "1697"]
[BlackElo "1469"]
[PlyCount "90"]
[EventDate "2016.06.07"]
[EventType "swiss"]
[EventRounds "8"]
[EventCountry "CAN"]

1. e4 e6 2. Bc4 d5 3. Bb3 dxe4 4. f3 Bc5 5. Qe2 Bxg1 6. Rxg1 exf3 7. Qxf3 Nf6
8. Nc3 O-O 9. d3 Nbd7 10. Bg5 Ne5 11. Qf4 Qd6 12. Qh4 Ng6 13. Qg3 Qxg3+ 14.
hxg3 Nh5 15. Ne2 e5 16. O-O-O b6 17. Bd5 Rb8 18. Rgf1 h6 19. Bd2 Nf6 20. Rxf6
gxf6 21. Bxh6 Rd8 22. Nc3 Ne7 23. Bf3 Nf5 24. Bd2 Nxg3 25. Be1 Nf5 26. Ne4 Kg7
27. Bd2 Nh4 28. Be2 Rh8 29. g4 f5 30. gxf5 Bxf5 31. Ng3 Bg6 32. Rg1 Kf8 33. Bg5
Nf5 34. Ne4 Nd4 35. Bd1 Rh2 36. Nf6 Bf5 37. c3 Nc6 38. Nd5 Bxd3 39. Ba4 b5 40.
Bb3 Bc4 41. Bxc4 bxc4 42. Bf6 Rbxb2 43. Bg7+ Ke8 44. Nf6+ Kd8 45. Rd1+ Nd4 0-1

[Event "Winnipeg op"]
[Site "Winnipeg CAN"]
[Date "2016.06.14"]
[Round "2"]
[White "Wiebe, Isaac"]
[Black "Czypinski, Jaroslaw"]
[Result "0-1"]
[WhiteElo "2157"]
[BlackElo "1962"]
[PlyCount "92"]
[EventDate "2016.06.07"]
[EventType "swiss"]
[EventRounds "8"]
[EventCountry "CAN"]

1. d4 b6 2. e4 Bb7 3. Bd3 e6 4. Nf3 Nf6 5. Nbd2 Be7 6. O-O d6 7. Qe2 Nbd7 8. c3
e5 9. Nc4 O-O 10. Bg5 Nh5 11. Be3 exd4 12. Nxd4 Nhf6 13. Nd2 Nc5 14. f3 Nxd3
15. Qxd3 Nd7 16. f4 Re8 17. Nf5 Bf6 18. b4 a5 19. Bd4 Bxd4+ 20. Nxd4 axb4 21.
cxb4 Ba6 22. b5 Bb7 23. Rae1 Rxa2 24. Nf5 Qf6 25. Ng3 Nc5 26. Qe3 Qb2 27. Rf2
Qxb5 28. f5 Nd3 29. Ref1 Nxf2 30. Rxf2 Ra1+ 31. Ndf1 Ba6 32. f6 Qc5 33. Qf4 Ra2
34. Ne3 Rxf2 35. Kxf2 Qe5 36. Qg4 Qxf6+ 37. Ngf5 Bb7 38. Kg1 Rxe4 39. Qh3 Qa1+
40. Kf2 Qb2+ 41. Ke1 Qe5 42. Kf2 Rf4+ 43. Ke2 Ba6+ 44. Kd2 Rf2+ 45. Ke1 Re2+
46. Kd1 Qa1# 0-1

[Event "Winnipeg op"]
[Site "Winnipeg CAN"]
[Date "2016.06.21"]
[Round "3"]
[White "Campbell, Jamie"]
[Black "Klokow, John"]
[Result "1-0"]
[WhiteElo "1839"]
[BlackElo "1798"]
[PlyCount "53"]
[EventDate "2016.06.07"]
[EventType "swiss"]
[EventRounds "8"]
[EventCountry "CAN"]

1. Nf3 Nf6 2. g3 g6 3. b4 Bg7 4. Bb2 O-O 5. Bg2 d5 6. O-O Nbd7 7. d3 c6 8. Nbd2
Nb6 9. a4 a5 10. b5 cxb5 11. axb5 Bd7 12. c4 dxc4 13. dxc4 Be6 14. c5 Nc4 15.
Bc3 Qc8 16. Ng5 Nxd2 17. Nxe6 Nxf1 18. Nxf8 Nxh2 19. c6 bxc6 20. Bxc6 Kxf8 21.
Bxa8 Qxa8 22. Rxa5 Qc8 23. Bxf6 Ng4 24. Bxg7+ Kxg7 25. b6 Nf6 26. Ra7 Qb8 27.
Qd4 1-0

[Event "Winnipeg op"]
[Site "Winnipeg CAN"]
[Date "2016.06.21"]
[Round "3"]
[White "Magnusson, Saul"]
[Black "Marshall, Carter"]
[Result "1-0"]
[WhiteElo "2100"]
[BlackElo "1340"]
[PlyCount "45"]
[EventDate "2016.06.07"]
[EventType "swiss"]
[EventRounds "8"]
[EventCountry "CAN"]

1. e4 c5 2. Nf3 d6 3. Bb5+ Bd7 4. Bxd7+ Nxd7 5. c3 Ngf6 6. d3 Qb6 7. Nbd2 g6 8.
O-O Bg7 9. Nc4 Qc7 10. a4 O-O 11. h3 Nb6 12. Ne3 a6 13. Nh2 h5 14. f4 c4 15. a5
Nbd7 16. Nxc4 d5 17. exd5 Nxd5 18. f5 Ne5 19. Nxe5 Bxe5 20. Nf3 gxf5 21. Nxe5
Qxe5 22. Qxh5 Ne3 23. Qg5+ 1-0

[Event "Winnipeg op"]
[Site "Winnipeg CAN"]
[Date "2016.06.21"]
[Round "3"]
[White "Magyar, Peter"]
[Black "Boron, Anthony"]
[Result "0-1"]
[WhiteElo "1469"]
[BlackElo "2064"]
[PlyCount "84"]
[EventDate "2016.06.07"]
[EventType "swiss"]
[EventRounds "8"]
[EventCountry "CAN"]

1. d4 Nf6 2. Bf4 d6 3. Nf3 g6 4. e3 Bg7 5. Be2 O-O 6. O-O b6 7. c3 Bb7 8. Nbd2
Nbd7 9. h3 c5 10. Rc1 Re8 11. Re1 e5 12. Bg5 e4 13. Nh2 h6 14. Bh4 a6 15. Nc4
Nb8 16. Bg4 b5 17. Nd2 Qa5 18. a3 c4 19. Be2 Nbd7 20. Bg3 Bf8 21. Nhf1 Be7 22.
Nb1 Nf8 23. b4 Qd8 24. Bf4 Kg7 25. Nbd2 N6h7 26. Nh2 f5 27. Nhf1 Ne6 28. Bh2
Rf8 29. f3 Bh4 30. Ng3 Nf6 31. Rf1 Nd5 32. Kf2 f4 33. Rh1 fxe3+ 34. Kg1 exd2
35. Ra1 Qg5 36. Nxe4 Qe3+ 37. Kf1 Nxc3 38. Bg1 Nxd1 39. Bxe3 Nxe3+ 40. Kg1 Nxd4
41. Bd1 Bxe4 42. fxe4 Bg3 0-1

[Event "Winnipeg op"]
[Site "Winnipeg CAN"]
[Date "2016.06.21"]
[Round "3"]
[White "Prince, Colin"]
[Black "Wiebe, Isaac"]
[Result "0-1"]
[WhiteElo "1917"]
[BlackElo "2157"]
[PlyCount "68"]
[EventDate "2016.06.07"]
[EventType "swiss"]
[EventRounds "8"]
[EventCountry "CAN"]

1. e4 e6 2. d4 d5 3. e5 c5 4. c3 Nc6 5. Nf3 Bd7 6. Be3 Qc7 7. Be2 Nh6 8. O-O
O-O-O 9. a4 c4 10. Na3 f6 11. Bf4 Nf7 12. Re1 g5 13. Bg3 f5 14. h3 h5 15. h4
Be7 16. hxg5 Rdg8 17. Bh4 Nxg5 18. Nxg5 Bxg5 19. Bxg5 Rxg5 20. Nb5 Qd8 21. Nd6+
Kb8 22. Nf7 Rxg2+ 23. Kxg2 Qg8+ 24. Kf1 Qxf7 25. Bf3 Na5 26. Qe2 Nb3 27. Ra3
Qg6 28. Bxd5 Rg8 29. Qe3 exd5 30. e6 Bxe6 31. Qxe6 Qg2+ 32. Ke2 Qg4+ 33. f3
Qg2+ 34. Kd1 Qd2# 0-1

[Event "Winnipeg op"]
[Site "Winnipeg CAN"]
[Date "2016.06.21"]
[Round "3"]
[White "Rutter, Blair"]
[Black "Remillard, John"]
[Result "1-0"]
[WhiteElo "1905"]
[BlackElo "1669"]
[PlyCount "65"]
[EventDate "2016.06.07"]
[EventType "swiss"]
[EventRounds "8"]
[EventCountry "CAN"]

1. c4 Nf6 2. g3 d5 3. Bg2 c6 4. cxd5 Nxd5 5. Nf3 g6 6. O-O Bg7 7. d4 O-O 8. e4
Nc7 9. Nc3 Bg4 10. Be3 Nd7 11. Qd2 Bxf3 12. Bxf3 Nb6 13. b3 e6 14. Rad1 Qe7 15.
Qc2 Rac8 16. Ne2 Rfd8 17. Rd2 Bf8 18. Rfd1 Nca8 19. Qb1 Nd7 20. h4 b6 21. e5
Bg7 22. Rc2 c5 23. Bxa8 Rxa8 24. f4 Rac8 25. d5 exd5 26. Rxd5 f6 27. Rcd2 fxe5
28. Qe4 Nf6 29. Rxd8+ Rxd8 30. Qc4+ Kf8 31. Rxd8+ Qxd8 32. fxe5 Qe7 33. Qf4 1-0

[Event "Winnipeg op"]
[Site "Winnipeg CAN"]
[Date "2016.06.28"]
[Round "4"]
[White "Bince, Rolando"]
[Black "Magnusson, Saul"]
[Result "0-1"]
[WhiteElo "2043"]
[BlackElo "2100"]
[PlyCount "84"]
[EventDate "2016.06.07"]
[EventType "swiss"]
[EventRounds "8"]
[EventCountry "CAN"]

1. d4 Nf6 2. c4 g6 3. Nc3 Bg7 4. e4 d6 5. Nf3 O-O 6. Be2 e5 7. O-O Nc6 8. d5
Ne7 9. Ne1 Nd7 10. Be3 f5 11. f3 f4 12. Bf2 g5 13. b4 Nf6 14. c5 Ng6 15. Rc1 h5
16. cxd6 cxd6 17. Nb5 Rf7 18. Nxa7 g4 19. Nxc8 Rxc8 20. Nd3 Rfc7 21. Bb6 Rxc1
22. Bxd8 Rxd1 23. Rxd1 Rxd8 24. Rc1 Ra8 25. Rc7 Rxa2 26. Kf1 g3 27. h3 Ra1+ 28.
Ne1 Nh4 29. Rxb7 Nxg2 30. Kxg2 Rxe1 31. Bf1 Rb1 32. b5 Rb2+ 33. Kg1 Nh7 34.
Rb8+ Bf8 35. h4 Kf7 36. Rb7+ Be7 37. Bh3 Nf8 38. Bf5 Ke8 39. Rb8+ Bd8 40. Kh1
Nd7 41. Bg6+ Ke7 42. Rb7 Bb6 0-1

[Event "Winnipeg op"]
[Site "Winnipeg CAN"]
[Date "2016.06.28"]
[Round "4"]
[White "Boron, Anthony"]
[Black "Bonness, Will"]
[Result "1-0"]
[WhiteElo "2064"]
[BlackElo "1878"]
[PlyCount "45"]
[EventDate "2016.06.07"]
[EventType "swiss"]
[EventRounds "8"]
[EventCountry "CAN"]

1. d4 Nf6 2. Nf3 e6 3. g3 c5 4. Bg2 Be7 5. O-O O-O 6. c4 d6 7. Nc3 Nbd7 8. e3
Rb8 9. b3 Re8 10. Bb2 Bf8 11. Qc2 e5 12. dxe5 dxe5 13. Rad1 Qe7 14. Nb5 h6 15.
Nxa7 Nh7 16. Nxc8 Rexc8 17. Bh3 Nhf6 18. Nh4 g6 19. Rd2 Bg7 20. Rfd1 Rc7 21.
Rd6 e4 22. Bxd7 Rxd7 23. Bxf6 1-0

[Event "Winnipeg op"]
[Site "Winnipeg CAN"]
[Date "2016.06.28"]
[Round "4"]
[White "Klokow, John"]
[Black "Trueman, Francis"]
[Result "1-0"]
[WhiteElo "1798"]
[BlackElo "1465"]
[PlyCount "47"]
[EventDate "2016.06.07"]
[EventType "swiss"]
[EventRounds "8"]
[EventCountry "CAN"]

1. e4 d6 2. d4 Nf6 3. Nc3 g6 4. f4 Bg7 5. Nf3 O-O 6. Be2 Nbd7 7. O-O c6 8. e5
dxe5 9. dxe5 Ng4 10. Nd4 Nc5 11. Nxc6 bxc6 12. Bxg4 Qc7 13. Bxc8 Raxc8 14. Be3
Nd7 15. Qe2 f5 16. Rad1 Rb8 17. b3 Rb4 18. a3 Rb7 19. Rd2 Nxe5 20. fxe5 Bxe5
21. Qc4+ Rf7 22. Bf4 Qb6+ 23. Kh1 Bg7 24. Rfd1 1-0

[Event "Winnipeg op"]
[Site "Winnipeg CAN"]
[Date "2016.06.28"]
[Round "4"]
[White "Piche, Jeremie"]
[Black "Magyar, Peter"]
[Result "0-1"]
[WhiteElo "1596"]
[BlackElo "1469"]
[PlyCount "72"]
[EventDate "2016.06.07"]
[EventType "swiss"]
[EventRounds "8"]
[EventCountry "CAN"]

1. e4 e6 2. d3 d6 3. Nf3 Be7 4. g3 Nf6 5. Bg2 O-O 6. O-O c5 7. Nbd2 e5 8. Re1
h6 9. Nf1 Nc6 10. c3 Be6 11. Ne3 Qd7 12. Nh4 g6 13. f4 exf4 14. gxf4 Nxe4 15.
Nxg6 fxg6 16. Bxe4 Bh4 17. Rf1 Bh3 18. Ng2 Be7 19. Kh1 Kg7 20. Rg1 Bf5 21. Qe1
d5 22. Bxf5 Qxf5 23. Qg3 Rae8 24. Ne3 Qxd3 25. Nxd5 Qxd5+ 26. Rg2 Qd1+ 27. Rg1
Qd5+ 28. Rg2 Qf5 29. Be3 Bd6 30. Rd1 Rf6 31. Qf2 b6 32. Rdg1 c4 33. Qf3 Bxf4
34. Bxf4 Ne5 35. Qb7+ Nf7 36. Bb8 Qc8 0-1

[Event "Winnipeg op"]
[Site "Winnipeg CAN"]
[Date "2016.06.28"]
[Round "4"]
[White "Remillard, John"]
[Black "Pan, Zhidong"]
[Result "1-0"]
[WhiteElo "1669"]
[BlackElo "1369"]
[PlyCount "69"]
[EventDate "2016.06.07"]
[EventType "swiss"]
[EventRounds "8"]
[EventCountry "CAN"]

1. Nf3 b6 2. c4 d6 3. g3 Nf6 4. Bg2 Bb7 5. O-O g6 6. b3 Bg7 7. Bb2 O-O 8. d4 d5
9. cxd5 Qxd5 10. Ne1 Ne4 11. Nc3 Qe6 12. f3 Nxc3 13. Bxc3 Qe3+ 14. Rf2 Qxc3 15.
Rc1 Qxd4 16. Nd3 Na6 17. Rc4 Qd6 18. e3 Rad8 19. Rd2 Nb4 20. Rxb4 Bc3 21. Rd4
Bxd4 22. exd4 Qxd4+ 23. Kf1 c5 24. Ke1 f5 25. Bf1 c4 26. bxc4 Ba6 27. c5 bxc5
28. Nxc5 Qe5+ 29. Be2 Rxd2 30. Qxd2 Bxe2 31. Nd7 Qd6 32. Nxf8 Qxd2+ 33. Kxd2
Bxf3 34. Nd7 Kf7 35. Ne5+ 1-0

[Event "Winnipeg op"]
[Site "Winnipeg CAN"]
[Date "2016.06.28"]
[Round "4"]
[White "Wiebe, Isaac"]
[Black "Wolchock, Theo"]
[Result "1-0"]
[WhiteElo "2157"]
[BlackElo "2049"]
[PlyCount "72"]
[EventDate "2016.06.07"]
[EventType "swiss"]
[EventRounds "8"]
[EventCountry "CAN"]

1. d4 d5 2. c4 Nf6 3. cxd5 Qxd5 4. Nc3 Qa5 5. Nf3 c6 6. Bd2 Bg4 7. e4 e6 8. Bd3
Qd8 9. Be3 Be7 10. Qc2 Bh5 11. O-O-O Nbd7 12. h3 Bg6 13. Ne5 Qa5 14. f4 Nxe5
15. dxe5 Nd7 16. f5 Nxe5 17. fxg6 hxg6 18. Be2 Bc5 19. Bf4 Nd7 20. Kb1 O-O-O
21. Na4 Be7 22. Rc1 Bg5 23. Bxg5 Qxg5 24. Nc5 Nxc5 25. Qxc5 Qxg2 26. Qe3 Rh4
27. Bg4 Rd2 28. Qxa7 Rxb2+ 29. Ka1 Rb5 30. Rb1 Qd2 31. Rxb5 cxb5 32. Qc5+ Kb8
33. Rd1 Qa5 34. Qf8+ Ka7 35. Qxg7 b4 36. Qf6 Qc7 1-0

[Event "Winnipeg op"]
[Site "Winnipeg CAN"]
[Date "2016.07.05"]
[Round "5"]
[White "Babb, Jeff"]
[Black "Campbell, Jamie"]
[Result "1/2-1/2"]
[WhiteElo "2210"]
[BlackElo "1839"]
[PlyCount "108"]
[EventDate "2016.06.07"]
[EventType "swiss"]
[EventRounds "8"]
[EventCountry "CAN"]

1. f4 g5 2. fxg5 d5 3. d4 h6 4. Nf3 Bg4 5. Qd3 Bxf3 6. exf3 Qd6 7. g6 Qxg6 8.
Qxg6 fxg6 9. Bf4 c6 10. Be5 Nf6 11. Bd3 Kf7 12. Nc3 Nbd7 13. O-O-O Bg7 14. f4
Ng4 15. Rdf1 Ne3 16. Rf3 Nf5 17. Ne2 a6 18. Bxf5 gxf5 19. Bxg7 Kxg7 20. Ng3 e6
21. Re1 Rae8 22. Rfe3 Kf6 23. Nh5+ Kf7 24. Rb3 b6 25. Ng3 Rhg8 26. a4 Rg4 27.
Rf1 Reg8 28. Rff3 Ke7 29. Rbe3 Kd6 30. Rf2 Nf6 31. Rfe2 Ne4 32. Nxe4+ fxe4 33.
g3 h5 34. c4 h4 35. gxh4 Rxh4 36. a5 b5 37. c5+ Ke7 38. Rg3 Rf8 39. Rg7+ Rf7
40. Rg8 Rf8 41. Rg7+ Rf7 42. Rg8 Rf8 43. Rxf8 Kxf8 44. Rf2 Kf7 45. f5 exf5 46.
Rxf5+ Ke7 47. Rf2 Rh3 48. Rg2 Kf7 49. Kc2 Rh4 50. Kd2 Rh3 51. Rf2+ Ke7 52. Rg2
Kf7 53. Rf2+ Ke7 54. Rg2 Kf7 1/2-1/2

[Event "Winnipeg op"]
[Site "Winnipeg CAN"]
[Date "2016.07.05"]
[Round "5"]
[White "Boron, Anthony"]
[Black "Wiebe, Isaac"]
[Result "0-1"]
[WhiteElo "2064"]
[BlackElo "2157"]
[PlyCount "56"]
[EventDate "2016.06.07"]
[EventType "swiss"]
[EventRounds "8"]
[EventCountry "CAN"]

1. c4 Nf6 2. g3 g6 3. Bg2 Bg7 4. Nc3 O-O 5. d4 d6 6. Nf3 Nc6 7. O-O a6 8. e4
Bg4 9. Be3 Qd7 10. Qd2 e5 11. d5 Na5 12. b3 b6 13. Bh6 Bh3 14. Bxg7 Kxg7 15.
Nh4 Bxg2 16. Kxg2 Nh5 17. Ne2 Rae8 18. f3 h6 19. g4 Qd8 20. Kh3 Nf6 21. Ng3 Rh8
22. Ng2 h5 23. g5 Qd7+ 24. Kh4 Qg4+ 25. fxg4 hxg4+ 26. Nh5+ Rxh5+ 27. Kg3 Nxe4+
28. Kxg4 Nxd2 0-1

[Event "Winnipeg op"]
[Site "Winnipeg CAN"]
[Date "2016.07.05"]
[Round "5"]
[White "Kernetsky, Myron"]
[Black "Klokow, John"]
[Result "1-0"]
[WhiteElo "1959"]
[BlackElo "1798"]
[PlyCount "73"]
[EventDate "2016.06.07"]
[EventType "swiss"]
[EventRounds "8"]
[EventCountry "CAN"]

1. d4 Nf6 2. Nf3 g6 3. Bf4 Bg7 4. h3 O-O 5. e3 c5 6. c3 b6 7. Nbd2 Ba6 8. Bxa6
Nxa6 9. O-O d6 10. Qa4 Nc7 11. Rfd1 Qd7 12. Qc2 cxd4 13. exd4 Rfc8 14. Qd3 b5
15. Re1 Ncd5 16. Bh2 a5 17. Re2 Rc7 18. Rae1 Rac8 19. Bg3 Nh5 20. Qe4 Nxg3 21.
fxg3 e6 22. Qh4 Nf6 23. Rf1 h6 24. g4 Nd5 25. Qg3 g5 26. h4 Nf4 27. Re3 Nd5 28.
Ree1 gxh4 29. Qxh4 Qe7 30. g5 Nb6 31. Qh5 Kh7 32. Ne4 d5 33. Nf6+ Bxf6 34.
Qxh6+ Kg8 35. gxf6 Qf8 36. Qg5+ Kh7 37. Kf2 1-0

[Event "Winnipeg op"]
[Site "Winnipeg CAN"]
[Date "2016.07.05"]
[Round "5"]
[White "Magnusson, Saul"]
[Black "Czypinski, Jaroslaw"]
[Result "1-0"]
[WhiteElo "2100"]
[BlackElo "1962"]
[PlyCount "100"]
[EventDate "2016.06.07"]
[EventType "swiss"]
[EventRounds "8"]
[EventCountry "CAN"]

1. e4 b6 2. Nf3 Bb7 3. Bc4 e6 4. d3 Be7 5. e5 Nc6 6. Nc3 Na5 7. O-O Nxc4 8.
dxc4 d6 9. Bf4 dxe5 10. Bxe5 Bf6 11. Qxd8+ Rxd8 12. Bxc7 Rd7 13. Bf4 Bxc3 14.
bxc3 Bxf3 15. gxf3 Ne7 16. Rfd1 Rxd1+ 17. Rxd1 Nf5 18. Bb8 Ke7 19. Bxa7 Ra8 20.
Bxb6 Rxa2 21. Rd2 Ra8 22. Kg2 Rc8 23. c5 Ke8 24. Kf1 Ke7 25. Ke2 Ke8 26. Rd1
Ne7 27. Kd3 Nd5 28. c4 Nb4+ 29. Kc3 Na6 30. Kd4 Nxc5 31. Ra1 Nd7 32. c5 Rb8 33.
Bc7 Rc8 34. Bd6 e5+ 35. Kd5 f6 36. Ra7 f5 37. c6 Nf6+ 38. Kc5 g6 39. Bxe5 Ng8
40. Rb7 Kd8 41. Rb8 Rxb8 42. Bxb8 Nf6 43. Be5 Nh5 44. Kd6 Kc8 45. Ke6 f4 46.
Kf7 g5 47. Kg8 h6 48. Kh7 g4 49. fxg4 Nf6+ 50. Bxf6 Kc7 1-0

[Event "Winnipeg op"]
[Site "Winnipeg CAN"]
[Date "2016.07.05"]
[Round "5"]
[White "Magyar, Peter"]
[Black "Remillard, John"]
[Result "1-0"]
[WhiteElo "1469"]
[BlackElo "1669"]
[PlyCount "37"]
[EventDate "2016.06.07"]
[EventType "swiss"]
[EventRounds "8"]
[EventCountry "CAN"]

1. d4 c5 2. c3 e6 3. Bf4 cxd4 4. cxd4 Nf6 5. e3 Bb4+ 6. Nc3 Qa5 7. Nge2 Nd5 8.
Be5 O-O 9. Qc2 Nc6 10. O-O-O Nxe5 11. dxe5 Nxc3 12. Nxc3 Qxe5 13. Bd3 Bxc3 14.
Bxh7+ Kh8 15. bxc3 g6 16. Bxg6 fxg6 17. Qxg6 Qxc3+ 18. Kb1 d5 19. Rd4 1-0

[Event "Winnipeg op"]
[Site "Winnipeg CAN"]
[Date "2016.07.12"]
[Round "6"]
[White "Campbell, Jamie"]
[Black "Magnusson, Saul"]
[Result "1-0"]
[WhiteElo "1839"]
[BlackElo "2100"]
[PlyCount "101"]
[EventDate "2016.06.07"]
[EventType "swiss"]
[EventRounds "8"]
[EventCountry "CAN"]

1. Nf3 d5 2. c4 c6 3. b3 Nf6 4. Bb2 Bg4 5. Ne5 Qb6 6. Nxg4 Nxg4 7. e3 Nf6 8.
Nc3 e5 9. cxd5 cxd5 10. Na4 Qe6 11. Rc1 Nbd7 12. Bb5 b6 13. Rc6 Qf5 14. Qc1 Be7
15. Rc8+ Rxc8 16. Qxc8+ Bd8 17. O-O O-O 18. Qb7 Re8 19. h3 Be7 20. Qxa7 Rd8 21.
Qc7 Ne4 22. Bxd7 Qxd7 23. Qxd7 Rxd7 24. d3 Nf6 25. Bxe5 b5 26. Nc3 Ra7 27. Rc1
Nd7 28. Bd4 Ra8 29. Nxd5 Bd6 30. Nb6 Nxb6 31. Bxb6 f6 32. Rc2 Kf7 33. f3 Bg3
34. e4 f5 35. Bf2 Bxf2+ 36. Kxf2 fxe4 37. dxe4 Rd8 38. Ke2 h6 39. a4 bxa4 40.
bxa4 Ra8 41. Ra2 Ra5 42. Kd3 Ke6 43. Kc4 Ke5 44. Kb4 Ra8 45. a5 Kd4 46. a6 Rb8+
47. Ka5 Kc5 48. Rc2+ Kd6 49. a7 Rb1 50. Ra2 Rb2 51. Rxb2 1-0

[Event "Winnipeg op"]
[Site "Winnipeg CAN"]
[Date "2016.07.12"]
[Round "6"]
[White "Klokow, John"]
[Black "Magyar, Peter"]
[Result "1/2-1/2"]
[WhiteElo "1798"]
[BlackElo "1469"]
[PlyCount "64"]
[EventDate "2016.06.07"]
[EventType "swiss"]
[EventRounds "8"]
[EventCountry "CAN"]

1. e4 e6 2. d4 d5 3. Nc3 c5 4. exd5 Nf6 5. Bb5+ Bd7 6. dxe6 Qe7 7. dxc5 Qxe6+
8. Qe2 Qxe2+ 9. Ngxe2 Bxc5 10. Bxd7+ Nbxd7 11. Bf4 O-O 12. O-O a6 13. Rad1 Rfe8
14. h3 b5 15. Rfe1 Bb4 16. a3 Ba5 17. b4 Bb6 18. Nd5 Nxd5 19. Rxd5 Nf6 20. Rd6
Bxf2+ 21. Kxf2 Ne4+ 22. Kf1 Nxd6 23. Bxd6 Re6 24. Bg3 Rd8 25. Bf2 h6 26. Nd4
Rf6 27. Nb3 Rc8 28. Nc5 Rd8 29. Nd3 Rc8 30. Nc5 Rd8 31. Nd3 Rc8 32. Nc5 Rd8
1/2-1/2

[Event "Winnipeg op"]
[Site "Winnipeg CAN"]
[Date "2016.07.12"]
[Round "6"]
[White "Marshall, Ken"]
[Black "Jenkins, Mark"]
[Result "1-0"]
[WhiteElo "1328"]
[BlackElo "1395"]
[PlyCount "105"]
[EventDate "2016.06.07"]
[EventType "swiss"]
[EventRounds "8"]
[EventCountry "CAN"]

1. e4 c6 2. d4 d5 3. e5 Bf5 4. Nf3 e6 5. Bd3 Bxd3 6. Qxd3 Bb4+ 7. Nc3 Ne7 8.
Bd2 c5 9. a3 cxd4 10. axb4 dxc3 11. Bxc3 Nd7 12. O-O O-O 13. Ng5 Ng6 14. Bd2
Ndxe5 15. Qd4 Nc4 16. Bc3 e5 17. Qd3 d4 18. Qxc4 dxc3 19. Qxc3 Qxg5 20. g3 Rac8
21. Qd3 Rfd8 22. Qe4 Qe7 23. Rxa7 Rc7 24. c3 f6 25. Re1 Rd2 26. Ra8+ Rd8 27.
Ra7 Nf8 28. b5 b6 29. Ra6 Qc5 30. c4 Qd4 31. b3 Ne6 32. h4 Qxe4 33. Rxe4 Nc5
34. Rxb6 Nxe4 35. Ra6 Nd6 36. b6 Rb7 37. c5 Nc8 38. b4 Rd1+ 39. Kg2 Rb1 40. Ra8
Rxb4 41. Rxc8+ Kf7 42. Rc7+ Rxc7 43. bxc7 e4 44. c8=Q Rb2 45. c6 e3 46. Qa6 e2
47. Qa5 Rc2 48. c7 Rc1 49. Qh5+ Ke7 50. Qxe2+ Kf7 51. Qb5 Rxc7 52. Qb8 Ke7 53.
Qxc7+ 1-0